[Event "zonal 3.4 (w)"]
[Site "Tashkent UZB"]
[Date "2011.06.15"]
[Round "8.4"]
[White "Ainutdinova, Ekaterina"]
[Black "Muminova, Nafisa"]
[Result "1/2-1/2"]
[WhiteElo "2088"]
[BlackElo "2346"]
[EventDate "2011.06.08"]
[PlyCount "91"]

1.e4 e6 2.d4 d5 3.Nd2 Nf6 4.e5 Nfd7 5.Bd3 c5 6.c3 Nc6 7.Ne2 cxd4 8.cxd4 f6
9.exf6 Nxf6 10.O-O Bd6 11.Nf3 Qc7 12.h3 O-O 13.Be3 Bd7 14.Rc1 Rae8 15.a3 
Re7 16.b4 a6 17.Ne5 Qb8 18.f4 Na7 19.Nc3 Qe8 20.Qe1 Bb8 21.Qh4 Bb5 22.Nxb5
Nxb5 23.f5 exf5 24.Rxf5 Nd6 25.Rf3 Nde4 26.Ng4 Ref7 27.Rcf1 Nxg4 28.hxg4 
Rxf3 29.Rxf3 Bc7 30.Rh3 Qg6 31.Qh5 Qxh5 32.gxh5 Bf4 33.Rf3 Bxe3+ 34.Rxe3 
Nf6 35.Re7 Rf7 36.Rxf7 Kxf7 37.Be2 Ke6 38.Kf2 h6 39.Ke3 Ne8 40.Kf4 Kf6 41.
a4 Nd6 42.Bf3 Ke6 43.Bg4+ Kf6 44.Bf3 Ke6 45.Bg4+ Kf6 46.Bf3 1/2-1/2

[Event "zonal 3.4 (w)"]
[Site "Tashkent UZB"]
[Date "2011.06.15"]
[Round "8.5"]
[White "Tokhiryanova, Khulkar"]
[Black "Khamrakulova, Yulduz"]
[Result "1/2-1/2"]
[WhiteElo "2106"]
[BlackElo "2201"]
[EventDate "2011.06.08"]
[PlyCount "62"]

1.e4 Nf6 2.e5 Nd5 3.d4 d6 4.Nf3 Bg4 5.h3 Bxf3 6.Qxf3 dxe5 7.dxe5 e6 8.Bd2 
c6 9.Na3 Qc7 10.Qg3 f6 11.Nc4 b5 12.Ba5 Qf7 13.Ne3 Be7 14.c4 bxc4 15.Bxc4 
O-O 16.O-O Nd7 17.Ng4 Kh8 18.exf6 gxf6 19.Rac1 Rg8 20.Bxd5 cxd5 21.Qc7 Bd8
22.Qc3 Bxa5 23.Qxa5 Qg6 24.g3 h5 25.Rc7 hxg4 26.Rxd7 gxh3 27.Qb4 Qe4 28.
Qxe4 dxe4 29.Kh2 Rg7 30.Rfd1 Rb8 31.b3 Rb7 1/2-1/2

[Event "zonal 3.4 (w)"]
[Site "Tashkent UZB"]
[Date "2011.06.16"]
[Round "9.1"]
[White "Davletbaeva, Madina"]
[Black "Tokhiryanova, Khulkar"]
[Result "1/2-1/2"]
[WhiteElo "2234"]
[BlackElo "2106"]
[EventDate "2011.06.08"]
[PlyCount "67"]

1.e4 c5 2.Nf3 d6 3.c3 Nf6 4.h3 Nc6 5.d4 cxd4 6.Nxd4 Nxe4 7.Nxc6 bxc6 8.Qa4
Nf6 9.Qxc6+ Bd7 10.Qa6 g6 11.Bb5 Bg7 12.Bxd7+ Nxd7 13.O-O O-O 14.Be3 f5 
15.Na3 Qc8 16.Qxc8 Rfxc8 17.f4 Rab8 18.Rf2 Rb7 19.Rd1 Nf6 20.Bd4 Ne4 21.
Re2 e5 22.Be3 Kf7 23.Rd5 a6 24.Ra5 Rc6 25.Kh2 Bf6 26.g3 Ke6 27.Nb1 g5 28.
fxe5 dxe5 29.b4 Bd8 30.Ra3 a5 31.Rb3 a4 32.Rbb2 Bb6 33.g4 Nxc3 34.Rbc2 
1/2-1/2

[Event "zonal 3.4 (w)"]
[Site "Tashkent UZB"]
[Date "2011.06.16"]
[Round "9.2"]
[White "Kurbonboeva, Sarvinoz"]
[Black "Dauletova, Gulmira"]
[Result "0-1"]
[WhiteElo "2073"]
[BlackElo "2263"]
[EventDate "2011.06.08"]
[PlyCount "128"]

1.c4 e5 2.Nc3 Nf6 3.g3 Nc6 4.Bg2 g6 5.d3 Bg7 6.Nf3 O-O 7.O-O d6 8.Rb1 a5 
9.a3 Re8 10.Nd2 Be6 11.b4 axb4 12.axb4 d5 13.b5 Ne7 14.cxd5 Nexd5 15.Bb2 
Nxc3 16.Bxc3 Nd5 17.Bb2 f5 18.Nc4 Bf7 19.Ra1 Rb8 20.Ra7 e4 21.dxe4 fxe4 
22.Bxg7 Kxg7 23.Qd4+ Qf6 24.Qxf6+ Nxf6 25.Rc1 Re7 26.f3 Be8 27.Na3 Kf8 28.
Ra4 c6 29.fxe4 cxb5 30.Rb4 Re5 31.Rcb1 Bc6 32.Nxb5 Bxe4 33.Bxe4 Rxe4 34.
Nd6 Rxb4 35.Rxb4 b6 36.e4 Nd7 37.Kf2 Ke7 38.Nc4 Kd8 39.Ke3 Kc7 40.Kd4 Kc6 
41.Ne3 Ra8 42.h4 Ra1 43.Rc4+ Kd6 44.Rc8 b5 45.Rh8 Ra4+ 46.Kd3 Ne5+ 47.Kd2 
Rd4+ 48.Kc1 Rxe4 49.Nc2 h5 50.Rb8 Kc5 51.Kb2 Rg4 52.Rc8+ Nc6 53.Ne1 Rxg3 
54.Kc2 b4 55.Nd3+ Kb5 56.Rc7 b3+ 57.Kd2 Kb6 58.Rg7 Rg4 59.Kc3 Rg3 60.Kd2 
Nd4 61.Kc3 Ne6 62.Rg8 Nf4 63.Kxb3 Rxd3+ 64.Kc4 Rd6 0-1

[Event "zonal 3.4 (w)"]
[Site "Tashkent UZB"]
[Date "2011.06.16"]
[Round "9.3"]
[White "Muminova, Nafisa"]
[Black "Nakhbaeva, Guliskhan"]
[Result "1-0"]
[WhiteElo "2346"]
[BlackElo "2244"]
[EventDate "2011.06.08"]
[PlyCount "73"]

1.e4 c6 2.d4 d5 3.Nd2 dxe4 4.Nxe4 Bf5 5.Ng3 Bg6 6.Nf3 Nd7 7.Bd3 Bxd3 8.
Qxd3 e6 9.O-O Ngf6 10.Re1 Be7 11.c4 O-O 12.b3 Re8 13.Bb2 Qc7 14.Ne5 Rad8 
15.Qf3 Bb4 16.Re2 Nxe5 17.dxe5 Nd7 18.Ne4 Be7 19.Qg3 f5 20.Nd6 Rf8 21.Rd2 
c5 22.Rad1 Nb8 23.f4 a6 24.Bc3 Rd7 25.Kf1 Rdd8 26.Rd3 Nc6 27.Qf2 b6 28.Qg3
Qa7 29.Qf3 Qc7 30.Qh5 Bxd6 31.exd6 Qd7 32.Rg3 Rf7 33.Rh3 g6 34.Qxg6+ Kf8 
35.Qh6+ Ke8 36.Rg3 Qc8 37.d7+ 1-0

[Event "zonal 3.4 (w)"]
[Site "Tashkent UZB"]
[Date "2011.06.16"]
[Round "9.5"]
[White "Nasriddinzoda, Marvorii"]
[Black "Nodiryanova, Nodira"]
[Result "0-1"]
[WhiteElo "2011"]
[BlackElo "2166"]
[EventDate "2011.06.08"]
[PlyCount "76"]

1.f4 d5 2.b3 Nf6 3.Bb2 g6 4.Nf3 Bg7 5.e3 O-O 6.Be2 c5 7.O-O Nc6 8.Ne5 Qc7 
9.Na3 Rd8 10.Rb1 a6 11.Nxc6 Qxc6 12.Bf3 Bf5 13.d3 Qe6 14.Qe2 Bg4 15.Rbe1 
Bxf3 16.Qxf3 Qb6 17.Kh1 Qa5 18.Qd1 b5 19.Qa1 c4 20.Nb1 Rac8 21.Bd4 cxd3 
22.cxd3 Rc2 23.Nc3 Ne8 24.Bxg7 Nxg7 25.Rc1 Rxc1 26.Rxc1 d4 27.exd4 Ne6 28.
f5 Nxd4 29.fxg6 hxg6 30.Ne4 Ne6 31.Rd1 b4 32.h3 Qb5 33.Nf2 Nf4 34.Re1 Qb7 
35.Re4 Nxd3 36.Rh4 Nxf2+ 37.Kh2 Qc7+ 38.g3 Qc3 0-1